| 000 | 00704nam a22002057a 4500 | ||
|---|---|---|---|
| 005 | 20180627121345.0 | ||
| 010 | _aB-216568 | ||
| 020 |
_a9788131300633 _c700.00 |
||
| 035 | _aB-216568 | ||
| 035 | _aB-216568 | ||
| 037 |
_adpl _bA.P.H. Publishing Corportation |
||
| 082 | _a302.23 | ||
| 100 | _aSingh, J K | ||
| 245 |
_aTextbook of mass communication/ _cby J K Singh |
||
| 260 |
_aNew Delhi _bA.P.H. Publishing Corportation _c2007 |
||
| 270 |
_a5, Ansari Road, Darya Ganj _bNew Delhi _e110002 |
||
| 300 |
_a274p. _c22cm(Hb) |
||
| 942 |
_2ddc _cEN _h302.23 _mJIT |
||
| 999 |
_c153138 _d153138 |
||